000 00525nam a2200217Ia 4500
003 OSt
005 20220928135356.0
006 a|||||r|||| 00| 0
007 ta
008 220927b |||||||| |||| 00| 0 eng d
024 _a1642
037 _cTextual
040 _aSDCL
_cSDCL
_beng
041 _2eng
_aeng
082 _aX:51, M3
100 _aHartley Robert F
_9490172
245 0 _aMarketing fundamentals
260 _c1983
942 _hX:51, M3
_cTEXL
_2CC
999 _c805461
_d805461